Countries that border South Africa - Statistics

General Stats
  • This quiz has been taken 123 times
  • The average score is 6 of 6
Answer Stats
Answer % Correct
Lesotho
98%
Namibia
98%
Botswana
96%
Zimbabwe
95%
Mozambique
94%
Swaziland
91%
No matching quizzes found
Score Distribution
Percent of People with Each Score
Percentile by Number Answered
Your Score History
You have not taken this quiz